000 00537nam a2200181Ia 4500
008 090201s9999 xx 000 0 und d
010 _aKPL-65426
040 _bमराठी
041 _aमराठी
082 _a3314
_b65426
100 _aबशीर सा मुजावर
245 _aगुढ कथा
_cबशीर सा मुजावर
250 _a2
260 _c1997
_bसाहेबजी प्रकाशन
300 _a198
_bमध्यम
600 _aगुढ कथा
942 _cBOOK
999 _c204425
_d204425